Normal view
MARC view
- Adams, J Nyhoff, L Leestma, S
Entry Personal Name
001 - CONTROL NUMBER
- control field: 70830
003 - CONTROL NUMBER IDENTIFIER
- control field: NUST
005 - DATE AND TIME OF LATEST TRANSACTION
- control field: 20210628204547.0
008 - FIXED-LENGTH DATA ELEMENTS
- fixed length control field: 210628|| aca||aabn | a|a d
040 ## - CATALOGING SOURCE
- Original cataloging agency: NUST
- Transcribing agency: NUST
100 ## - HEADING--PERSONAL NAME
- Personal name: Adams, J Nyhoff, L Leestma, S
670 ## - SOURCE DATA FOUND
- Source citation: Work cat.: (NUST): Adams, J Nyhoff, L Leestma, S, Turbo c plus plus an introduction to computing, 1996
